000 01138nabaa22002297a 4500
999 _c6196
_d6196
003 OSt
005 20260125195040.0
008 190701b xxu||||| |||| 00| 0 spa d
040 _cPJ
100 _95547
_aSantos, Alejandra M.
245 1 3 _aLas audiencias públicas como recaudo de la tutela administrativa efectiva /
_cAlejandra M. Santos.
300 _ap. 238-246
500 _aCita: TR LALEY AR/DOC/2166/2024
505 _aSumario: I. Introducción.— II. Sucinta mención a la tutela administrativa efectiva.— III. Incorporación de las audiencias en la Ley Nacional de Procedimiento Administrativo. Sus caracteres.— IV. Naturaleza jurídica de las audiencias públicas.— V. Conclusión.
505 _t¿Te interesa el texto completo? Comunicate al correo: koha@justierradelfuego.gov.ar
650 0 _9211
_aDERECHO ADMINISTRATIVO
650 0 _91135
_aPROCEDIMIENTO ADMINISTRATIVO
650 0 _96931
_aAUDIENCIAS PÚBLICAS
650 0 _aREFORMA DEL ESTADO
_93177
773 0 _02842
_93251
_dBuenos Aires : AbeledoPerrot, 2012-
_oDA121
_tDerecho administrativo. Nº 155 septiembre/octubre 2024
_z18510590
942 _2udc
_cANA